000
00315nam a22001337a 4500
008
181105b xxu||||| |||| 00| 0 eng d
020
_a
9780205453757
041
_a
eng
080
_2
3rd
_a
371
100
_a
46
101
_a
EDU
245
_a
Teaching Reading Comprehension Processes
_c
Irwin,J.W
942
_2
udc
_c
BK
999
_c
51837
_d
51837